000
00289nam a2200121Ia 4500
008
190216s9999||||xx |||||||||||||| ||und||
100
_a
Herzberg Paul A
245
0
_a
Principles Of Sattistics
260
_b
John Wiley & Sons
_c
1983
300
_a
513p
650
_a
Mathematics
942
_c
BK
999
_c
30976
_d
30976